ՀՀ Գիտությունների ազգային ակադեմիայի հիմնարար գիտական գրադարան  =   Fundamental Scientific Library of NAS RA

Сахарная болезнь / (Record no. 485488)

MARC details
000 -LEADER
fixed length control field 00739nam a2200217 a 4500
001 - CONTROL NUMBER
control field 000930265
003 - CONTROL NUMBER IDENTIFIER
control field AM-YeHGA
005 - DATE AND TIME OF LATEST TRANSACTION
control field 20250617162231.0
008 - FIXED-LENGTH DATA ELEMENTS--GENERAL INFORMATION
fixed length control field 121123s1957 ru r 000 0 rus d
040 ## - CATALOGING SOURCE
Original cataloging agency AM-YeHGA
041 0# - LANGUAGE CODE
Language code of text/sound track or separate title rus
090 ## - LOCALLY ASSIGNED LC-TYPE CALL NUMBER (OCLC); LOCAL CALL NUMBER (RLIN)
-- 488857
100 1# - MAIN ENTRY--PERSONAL NAME
Personal name Коган-Ясный, Виктор Моисеевич
Dates associated with a name 1889-1958
245 10 - TITLE STATEMENT
Title Сахарная болезнь /
Statement of responsibility, etc. В. М. Коган-Ясный.
260 ## - PUBLICATION, DISTRIBUTION, ETC.
Place of publication, distribution, etc. Москва :
Name of publisher, distributor, etc. Медгиз,
Date of publication, distribution, etc. 1957.
300 ## - PHYSICAL DESCRIPTION
Extent 302 с. :
Other physical details ил., 1 вкл. л. цв. ил. ;
Dimensions 21 см.
500 ## - GENERAL NOTE
General note На пер. в выход. дан. : 1958.
504 ## - BIBLIOGRAPHY, ETC. NOTE
Bibliography, etc. note Библиогр. : с. 272-300.
650 14 - SUBJECT ADDED ENTRY--TOPICAL TERM
Topical term or geographic name entry element Диабет сахарный
650 14 - SUBJECT ADDED ENTRY--TOPICAL TERM
Topical term or geographic name entry element Эндокринология
Holdings
Withdrawn status Lost status Source of classification or shelving scheme Damaged status Not for loan Collection Home library Current library Date acquired Total checkouts Full call number Barcode Date last seen Price effective from Koha item type Public note
    Universal Decimal Classification     General Fundamental Scientific Library Fundamental Scientific Library 01/02/2019   РД II/36397 FL0547158 01/02/2019 01/02/2019 Գրքեր / Books 30 Days Loan
          General Fundamental Scientific Library Fundamental Scientific Library 04/02/2019   РД II/36243 FL0547323 04/02/2019 04/02/2019 Գրքեր / Books 30 Days Loan
    Universal Decimal Classification     General Fundamental Scientific Library Fundamental Scientific Library 04/02/2019   РД II/36699 FL0548674 04/02/2019 04/02/2019 Գրքեր / Books 30 Days Loan


ՀՀ ԳԱԱ հիմնարար գիտական գրադարան
ՀՀ,Երևան 0019
Մարշալ Բաղրամյան 24/6
հեռախոս:(374-10) 52-47-50
Հետադարձ կապ

All site content, except where otherwise noted, is licensed under a
Creative Commons License